[Event "4th London Classic Open"]
[Site "London ENG"]
[Date "2012.12.03"]
[Round "3"]
[White "Holzhauer,B"]
[Black "Nettleton,Charlie B"]
[Result "1/2-1/2"]
[WhiteElo "2153"]
[BlackElo "1845"]

1.d4 Nf6 2.c4 g6 3.Nc3 d5 4.cxd5 Nxd5 5.e4 Nxc3 6.bxc3 Bg7 7.Bg5 c5 8.Rc1 Qa5
9.Qd2 Nd7 10.Nf3 Nf6 11.Bd3 O-O 12.h3 c4 13.Bb1 b5 14.e5 Nd5 15.Be4 Be6 16.Bxd5 Bxd5
17.Bxe7 Rfe8 18.Bb4 Qd8 19.Qf4 f6 20.O-O Bxf3 21.Qxf3 fxe5 22.dxe5 Bxe5 23.Rcd1 Qb6
24.Rd7 Qe6 25.Re7 Rxe7 26.Qxa8+ Re8 27.Qxa7 Qd5 28.f4 Bf6 29.Qf2 Qd3 30.Re1 Rxe1+
31.Qxe1 Kf7 32.Kh2 h5 33.Qg3 Ke6 34.a3 h4 35.Qg4+ Qf5 36.Qe2+ Kd5 37.Qf3+ Qe4
38.Qg4 Qf5 39.Qf3+ Qe4 40.Qf2 g5 41.Qc5+ Ke6 42.Qc8+ Kf7 43.Qd7+ Kg6 44.f5+ Qxf5
45.Qe8+ Kh7 46.Qf7+ Kh8 47.Qf8+ Kh7 48.Qf7+ Kh8 49.Qf8+ Kh7 50.Qf7+  1/2-1/2

[Event "Vietnam National Masters Men 2012"]
[Site "Ho Chi Minh City VIE"]
[Date "2012.12.04"]
[Round "8.2"]
[White "Tran Tuan Minh"]
[Black "Nguyen Van Hai"]
[Result "1/2-1/2"]
[WhiteElo "2258"]
[BlackElo "2356"]

1.d4 Nf6 2.c4 g6 3.Nc3 d5 4.cxd5 Nxd5 5.e4 Nxc3 6.bxc3 Bg7 7.Bc4 O-O 8.Ne2 c5
9.O-O Nc6 10.Be3 Qc7 11.Rc1 Bd7 12.f4 e6 13.Ng3 Na5 14.Bd3 f5 15.dxc5 Rfd8
16.Qe2 Be8 17.Rfd1 Bf8 18.exf5 exf5 19.Bd4 Bxc5 20.Bxf5 gxf5 21.Nxf5 Bf8
22.Qg4+ Bg6 23.Nh4 Rxd4 24.cxd4 Qg7 25.d5 Rd8 26.Rc8 Qd7 27.Qxd7 Rxd7 28.Nf3 Rd6
29.Ng5 Bf5 30.Rc7 Rd7 31.Rxd7 Bxd7 32.d6 b6 33.Ne4 Kf7 34.f5 h6 35.g4 Nb7
36.Rc1 Nxd6 37.Rc7 Nxe4 38.Rxd7+ Kf6 39.Rxa7 h5 40.gxh5 Bc5+ 41.Kg2 Kg5 42.Rg7+ Kxf5
43.h6 Bd4 44.Rf7+ Ke6 45.Rf4 Ke5 46.Rf8 Nf6 47.Rf7 Ke6 48.h7 Nd7 49.Rf4 Bg7
50.Rh4 Bh8 51.Rg4 Ne5 52.Rg8 Nf7 53.Kf3 Kf6 54.Ke4 Bg7 55.Kd5 Kg6 56.Kc6 Kxh7
57.Rb8 Bd4 58.a4 Bg1 59.h3 Kg7 60.h4 Bf2 61.h5 Kh6 62.Rf8 Kg7 63.Re8 Kh6
64.Re6+ Kxh5 65.Rf6 Ne5+ 66.Kb5 Ng4 67.Rxf2 Nxf2 68.Kxb6 Nd3 69.Kb5 Nf4  1/2-1/2

[Event "5th Kolkata Open"]
[Site "Kolkata IND"]
[Date "2012.12.05"]
[Round "3"]
[White "Korobov,A"]
[Black "Akshayraj,K"]
[Result "1-0"]
[WhiteElo "2702"]
[BlackElo "2459"]

1.d4 Nf6 2.c4 g6 3.Nc3 d5 4.cxd5 Nxd5 5.e4 Nxc3 6.bxc3 Bg7 7.Bc4 c5 8.Ne2 Nc6
9.Be3 O-O 10.O-O Na5 11.Bb5 Bd7 12.Bd3 e5 13.dxe5 b6 14.f4 Be6 15.Ng3 Bc4
16.Bxc4 Nxc4 17.Qe2 Nxe3 18.Qxe3 Qe8 19.Rfd1 f6 20.exf6 Rxf6 21.e5 g5 22.f5 Rc6
23.Re1  1-0

[Event "5th Kolkata Open"]
[Site "Kolkata IND"]
[Date "2012.12.06"]
[Round "4"]
[White "Arun Prasad,S"]
[Black "Gupta,Ab"]
[Result "1/2-1/2"]
[WhiteElo "2513"]
[BlackElo "2662"]

1.d4 Nf6 2.c4 g6 3.Nc3 d5 4.cxd5 Nxd5 5.e4 Nxc3 6.bxc3 Bg7 7.Bg5 O-O 8.Rc1 c5
9.Nf3 Bg4 10.d5 Qd6 11.Be2 Nd7 12.O-O Bxf3 13.Bxf3 b5 14.Qd2 c4 15.Qe3 a5
16.Be2 Rfc8 17.Rfd1 Nc5 18.h3 Na4 19.Bf4 Qc5 20.Qxc5 Nxc5 21.e5 e6 22.g3 Rab8
23.h4 Bf8 24.Be3 exd5 25.Rxd5 Ne6 26.Kf1 Bc5 27.Bxc5 Rxc5 28.Bf3 Kf8 29.a3 Rxd5
30.Bxd5 Nc5 31.Rb1 Rd8 32.Bc6 Nb3 33.Kg2 Rb8 34.Rb2 Ke7 35.Kf3 b4 36.axb4 axb4
37.Ke3 bxc3 38.Rc2 Ke6 39.f4 f6  1/2-1/2

[Event "4th London Classic Open"]
[Site "London ENG"]
[Date "2012.12.07"]
[Round "7"]
[White "Ditmas,H"]
[Black "Nettleton,Charlie B"]
[Result "1-0"]
[WhiteElo "2011"]
[BlackElo "1845"]

1.d4 Nf6 2.c4 g6 3.Nc3 d5 4.cxd5 Nxd5 5.e4 Nxc3 6.bxc3 Bg7 7.Nf3 c5 8.Rb1 O-O
9.Be2 Nc6 10.d5 Ne5 11.Nxe5 Bxe5 12.Qd2 e6 13.f4 Bg7 14.c4 Qh4+ 15.g3 Qh3
16.Bf3 exd5 17.cxd5 Re8 18.Bg2 Qf5 19.Qe2 Bc3+ 20.Bd2 Bxd2+ 21.Kxd2 Qf6 22.e5 Qd8
23.Qc4 Qa5+ 24.Qc3 Qxa2+ 25.Rb2 Qa6 26.Re1 Bf5 27.Bf1 c4 28.Bxc4 b5 29.Bxb5 Qb6
30.Bxe8 Qf2+ 31.Re2 Qf1 32.Bc6 Rc8 33.Qb3 Bg4 34.Qe3 Qa1 35.Rc2 Rb8 36.Qc3 Qf1
37.Qe3 Rb1 38.Re1 Rd1+ 39.Rxd1 Qxd1+ 40.Kc3 Qa1+ 41.Kc4 Bf5 42.Rc3 Qa2+ 43.Kd4 Qb2
44.e6 f6 45.d6 Qb6+ 46.Kd5 Qa5+ 47.Qc5 Qa2+ 48.Qc4 Qd2+ 49.Kc5 Qb2 50.e7+ Kg7
51.e8=Q Qb6+ 52.Kd5 Qa5+ 53.Bb5  1-0

[Event "4th London Classic Open"]
[Site "London ENG"]
[Date "2012.12.07"]
[Round "7.1"]
[White "Melkumyan,H"]
[Black "Van Kampen,R"]
[Result "1/2-1/2"]
[WhiteElo "2649"]
[BlackElo "2570"]

1.d4 Nf6 2.c4 g6 3.Nc3 d5 4.cxd5 Nxd5 5.e4 Nxc3 6.bxc3 Bg7 7.Bb5+ c6 8.Ba4 O-O
9.Ne2 c5 10.O-O Nc6 11.Be3 Na5 12.Bb5 b6 13.Rc1 Bd7 14.Bd3 Rc8 15.Qd2 e5
16.Ba6 Rc7 17.d5 Bc8 18.Bxc8 Nc4 19.Qd3 Nxe3 20.Qxe3 Rxc8 21.c4 f5 22.Rcd1 Qh4
23.d6 Rcd8 24.exf5 Rxf5 25.Ng3 Rf4 26.Qa3 Rd4 27.Qxa7 R8xd6 28.Rb1 Qd8 29.a4 Rxc4
30.a5  1/2-1/2

[Event "4th London Classic Open"]
[Site "London ENG"]
[Date "2012.12.07"]
[Round "7"]
[White "De Lagontrie,J"]
[Black "Gschwendtner,S"]
[Result "0-1"]
[WhiteElo "1858"]
[BlackElo "2004"]

1.d4 Nf6 2.c4 g6 3.Nc3 d5 4.cxd5 Nxd5 5.e4 Nxc3 6.bxc3 Bg7 7.Bc4 O-O 8.Ne2 c5
9.O-O Nc6 10.Be3 b6 11.Bd5 Bb7 12.Bxc6 Bxc6 13.d5 Bb5 14.Re1 Bxe2 15.Rxe2 Bxc3
16.Rc1 Bg7 17.f4 Qd7 18.h3 e6 19.d6 e5 20.Qd5 Rfe8 21.Rd1 Rad8 22.g4 Re6
23.Red2 exf4 24.Bxf4 Rde8 25.Re2 Be5 26.Bxe5 Rxe5 27.Qd3 R8e6 28.Kh2 b5 29.Re3 a5
30.Ree1 c4 31.Qd4 b4 32.Qxc4 Rxd6 33.Rxd6 Qxd6 34.Kh1 Rc5 35.e5 Qc6+ 36.Qe4 Qxe4+
37.Rxe4 Rc1+  0-1

[Event "4th London Classic Open"]
[Site "London ENG"]
[Date "2012.12.08"]
[Round "8.1"]
[White "Williams,Si1"]
[Black "Melkumyan,H"]
[Result "1/2-1/2"]
[WhiteElo "2515"]
[BlackElo "2649"]

1.d4 Nf6 2.c4 g6 3.Nc3 d5 4.cxd5 Nxd5 5.e4 Nxc3 6.bxc3 Bg7 7.Bc4 c5 8.Ne2 Nc6
9.Be3 O-O 10.O-O b6 11.Qd2 Bb7 12.Bh6 Bxh6 13.Qxh6 cxd4 14.f4 Qd6 15.e5 Qc5
16.Rf3 Bc8 17.Ng3 dxc3+ 18.Kh1 Qxc4 19.f5 Nxe5 20.Rf4 Ng4 21.Qxf8+ Kxf8 22.Rxc4 gxf5
23.Rxc3 e6 24.Nh5 e5 25.Kg1 e4 26.Nf4 Ne5 27.Rd1 Ba6 28.Rh3 Kg8 29.Rh5 Ng6
30.Rxf5 e3 31.Re1 Nxf4 32.Rxf4 Re8 33.Ra4 Bb5 34.Rxa7 Re4 35.Ra3 e2 36.Rb3 Bc4
37.Rxb6 Bxa2 38.Kf2 Bc4 39.g3 Re5 40.Rb4 Rf5+ 41.Ke3 Rf1 42.Kd2 Ba6  1/2-1/2

[Event "4th London Classic Open"]
[Site "London ENG"]
[Date "2012.12.08"]
[Round "8"]
[White "Croad,N"]
[Black "Semprun Martinez,F"]
[Result "1-0"]
[WhiteElo "2282"]
[BlackElo "2183"]

1.d4 Nf6 2.c4 g6 3.Nc3 d5 4.cxd5 Nxd5 5.e4 Nxc3 6.bxc3 Bg7 7.Bg5 O-O 8.Rc1 c5
9.Nf3 h6 10.Be3 cxd4 11.cxd4 Qa5+ 12.Qd2 Qxd2+ 13.Nxd2 Rd8 14.d5 e6 15.Bc4 exd5
16.Bxd5 Nc6 17.O-O Nb4 18.Bb3 b6 19.a3 Nd3 20.Rc7 Rd7 21.Rxd7 Bxd7 22.f4 Rc8
23.e5 Bf8 24.Ne4 Kg7 25.Rd1 Bb5 26.Bd4 Rd8 27.Bc3 Be7 28.g3 Kf8 29.a4 Bc6
30.Nd6 Nc5 31.Bc4 Bxa4 32.Rd2 Bxd6 33.exd6 Ne4 34.Rd3 Nxc3 35.Rxc3 Rxd6 36.Ra3 b5
37.Bd3 a6 38.Kf2 Ke7 39.h4 h5 40.Ke3 f5 41.Kd2 Ke6 42.Kc3 Kd5 43.Kb4 Kd4
44.Ka5 Rc6 45.Kb4 Rc3 46.Rxc3 a5+ 47.Kxa5 Kxc3 48.Bb1 Bc2 49.Ba2 b4 50.Kb5 b3
51.Bxb3 Bxb3  1-0

[Event "4th London Classic Open"]
[Site "London ENG"]
[Date "2012.12.08"]
[Round "8"]
[White "Jyothilal,N"]
[Black "Yeo,M"]
[Result "1-0"]
[WhiteElo "2038"]
[BlackElo "2191"]

1.d4 Nf6 2.c4 g6 3.Nc3 d5 4.cxd5 Nxd5 5.e4 Nxc3 6.bxc3 Bg7 7.Nf3 c5 8.Rb1 O-O
9.Be2 Nc6 10.d5 Ne5 11.Nxe5 Bxe5 12.Rb3 Qc7 13.c4 Bd7 14.Ra3 b5 15.cxb5 c4
16.Kf1 Bxb5 17.h4 Bd7 18.h5 c3 19.Qc2 Qc5 20.Bd3 Rab8 21.Rb3 Ba4 22.Rh3 Bxb3
23.axb3 a5 24.f4 Bd4 25.e5 a4 26.hxg6 axb3 27.gxf7+ Rxf7 28.Bxh7+ Kf8 29.Qg6 Qc4+
30.Ke1 Rg7 31.Qf5+ Rf7 32.Qg4 Rg7 33.Bg6 Qxd5 34.Rh8+ Rg8 35.Qf5+ Kg7 36.Rh7+  1-0

[Event "TCh-CZE Div1 Zapad 2012-13"]
[Site "Czech Republic CZE"]
[Date "2012.12.09"]
[Round "4.3"]
[White "Tupy,M"]
[Black "Jancarik,J"]
[Result "1/2-1/2"]
[WhiteElo "2279"]
[BlackElo "2242"]

1.d4 Nf6 2.c4 g6 3.Nc3 d5 4.cxd5 Nxd5 5.e4 Nxc3 6.bxc3 Bg7 7.Nf3 c5 8.Be2 cxd4
9.cxd4 Nc6 10.Be3 Bg4 11.d5 Ne5 12.Rb1 O-O 13.O-O Nxf3+ 14.gxf3 Bh3 15.Re1 b6
16.f4 e6 17.d6 f5 18.e5 Bxe5 19.fxe5 f4 20.Bf3 fxe3 21.Rxe3 Qh4 22.Rc1 Rad8
23.Qe2 Rf5 24.Rc4 Qg5+ 25.Bg4 h5 26.Rxh3 Rxe5 27.f4 Qxg4+ 28.Qxg4 Re1+ 29.Kf2 hxg4
30.Rh6 Rd1 31.Rc7  1/2-1/2

[Event "Czech Coal Match"]
[Site "Podebrady CZE"]
[Date "2012.12.09"]
[Round "2.2"]
[White "Hort,V"]
[Black "Havlikova,K"]
[Result "1-0"]
[WhiteElo "2455"]
[BlackElo "2310"]

1.d4 Nf6 2.c4 g6 3.Nc3 d5 4.cxd5 Nxd5 5.e4 Nxc3 6.bxc3 Bg7 7.Be3 c5 8.Nf3 O-O
9.Rc1 Bg4 10.d5 Nd7 11.Be2 Qa5 12.Qd2 b5 13.O-O Rac8 14.h3 Bxf3 15.Bxf3 Qa4
16.Bg4 Rcd8 17.Qc2 Qxc2 18.Rxc2 f5 19.exf5 gxf5 20.Be2 f4 21.Bc1 Ne5 22.Rd1 c4
23.Ba3 Rd7 24.Bb4 f3 25.gxf3 Nxf3+ 26.Kf1 Ne5 27.Kg2 Kh8 28.Rcd2 Bh6 29.Rd4 a5
30.Bxa5 Ra8 31.Bb4 Rxa2 32.Re4 Bg7 33.d6 exd6 34.Bxd6 Kg8 35.Bxe5  1-0

[Event "III ITT JAHV McGREGOR"]
[Site "Bogota COL"]
[Date "2012.12.12"]
[Round "1.53"]
[White "Pabon Sarmiento,J"]
[Black "Bolivar,J"]
[Result "0-1"]
[WhiteElo "1952"]
[BlackElo "2085"]

1.d4 Nf6 2.c4 g6 3.Nc3 d5 4.cxd5 Nxd5 5.e4 Nxc3 6.bxc3 Bg7 7.Bc4 c5 8.Ne2 Nc6
9.Be3 O-O 10.Rc1 cxd4 11.cxd4 Qa5+ 12.Qd2 Qxd2+ 13.Kxd2 Rd8 14.d5 Na5 15.Bd3 e6
16.Nf4 exd5 17.Nxd5 Be6 18.Ne7+ Kh8 19.Ke2 Rd7 20.Nd5 Bxd5 21.exd5 Rxd5 22.Bxa7 Rxa7
23.Rc8+ Bf8 24.Rxf8+ Kg7 25.Re8 Nc6 26.Bc4 Rc5 27.Bb3 Nd4+ 28.Ke3 Nxb3 29.axb3 Rc3+
30.Kd2 Rxb3 31.Re7 Ra2+ 32.Kc1 Ra1+ 33.Kc2 Rxh1 34.Kxb3 Rxh2 35.Rxb7 Rxg2
36.f4 Rg4 37.Rb4 h5 38.Kc3 h4 39.Kd3 h3 40.Ke3 h2 41.Kf3 Rg1  0-1

[Event "Amplico ch-EUR Rapid"]
[Site "Warsaw POL"]
[Date "2012.12.15"]
[Round "2.38"]
[White "Andreeva,Y"]
[Black "Tomczak,J"]
[Result "0-1"]
[WhiteElo "1971"]
[BlackElo "2558"]

1.d4 Nf6 2.c4 g6 3.Nc3 d5 4.cxd5 Nxd5 5.e4 Nxc3 6.bxc3 Bg7 7.Be3 c5 8.Nf3 Qa5
9.Qd2 O-O 10.Rc1 Bg4 11.d5 Bxf3 12.gxf3 Nd7 13.c4 Qxd2+ 14.Kxd2 f5 15.Ke2 f4
16.Bd2 Bd4 17.Bc3 Ne5 18.Bh3 Bxc3 19.Rxc3 Rfd8 20.Be6+ Kg7 21.h4 Rd6 22.Rb1 Rb6
23.Rbb3 Kh6 24.Bg4 Rd8 25.Rb5 Rdd6 26.Rc2 Rxb5 27.cxb5 c4 28.Kd2 Kg7 29.Kc3 h5
30.Be6 a6 31.Kd4 Nxf3+ 32.Kxc4 axb5+  0-1

[Event "Amplico ch-EUR Rapid"]
[Site "Warsaw POL"]
[Date "2012.12.15"]
[Round "4.31"]
[White "Moranda,W"]
[Black "Klepaczka,T"]
[Result "1-0"]
[WhiteElo "2559"]
[BlackElo "2240"]

1.d4 Nf6 2.c4 g6 3.Nc3 d5 4.cxd5 Nxd5 5.e4 Nxc3 6.bxc3 Bg7 7.Bc4 c5 8.Ne2 O-O
9.O-O Nc6 10.Be3 Bd7 11.Rb1 Qc7 12.Bd3 Rad8 13.h3 e5 14.d5 Na5 15.f4 f5 16.fxe5 fxe4
17.Rxf8+ Rxf8 18.d6 Qc8 19.Bxe4 Nc4 20.Bd5+ Be6 21.Nf4 Nxe3 22.Bxe6+  1-0

[Event "Amplico ch-EUR Rapid"]
[Site "Warsaw POL"]
[Date "2012.12.15"]
[Round "4.14"]
[White "Krasenkow,M"]
[Black "Nedilko,V"]
[Result "1-0"]
[WhiteElo "2628"]
[BlackElo "2396"]

1.d4 Nf6 2.c4 g6 3.Nc3 d5 4.cxd5 Nxd5 5.e4 Nxc3 6.bxc3 Bg7 7.Bc4 c5 8.Ne2 Nc6
9.d5 Na5 10.Bd3 O-O 11.Be3 b6 12.Rc1 e5 13.O-O f5 14.f3 f4 15.Bd2 c4 16.Bc2 g5
17.g3 Bf6 18.Kh1 Be7 19.gxf4 gxf4 20.Rg1+ Kh8 21.Bxf4 exf4 22.Qd4+ Bf6 23.e5 Bg7
24.Rxg7 Kxg7 25.Rg1+ Kh8 26.e6+ Qf6 27.Qe4 Qh6 28.e7 Bd7 29.exf8=Q+ Rxf8
30.Qe7 Bc8 31.Rg5  1-0

[Event "SportAccord Blitz Women 2012"]
[Site "Beijing CHN"]
[Date "2012.12.17"]
[Round "10.1"]
[White "Zhao Xue"]
[Black "Cmilyte,V"]
[Result "0-1"]
[WhiteElo "2565"]
[BlackElo "2524"]

1.d4 Nf6 2.c4 g6 3.Nc3 d5 4.cxd5 Nxd5 5.e4 Nxc3 6.bxc3 Bg7 7.Nf3 c5 8.Be3 Qa5
9.Qd2 O-O 10.Rc1 Nd7 11.d5 f5 12.exf5 Rxf5 13.Bd3 Rf8 14.h4 Nf6 15.c4 Qxd2+
16.Nxd2 b6 17.Ne4 Ng4 18.h5 Nxe3 19.fxe3 Bf5 20.hxg6 hxg6 21.Kd2 Rad8 22.Ng5 e6
23.Bxf5 Rxf5 24.Nxe6 Re8 25.Kd3 b5 26.Rcf1 bxc4+ 27.Kxc4 Re5 28.Rf3 Re4+
29.Kxc5 Be5 30.Kc6 Rc4+ 31.Kd7 Rb8 32.Nd8 Rc7+ 33.Ke6 Bg7 34.Nc6 Re8+ 35.Kd6 Rb7
36.Kc5 Bf8+ 37.Kc4 Re4+ 38.Kd3 Ra4 39.Rhf1 Ra3+ 40.Ke4 Ra4+ 41.Nd4 Bg7 42.Rf4 Rxa2
43.Ne6 Bh6 44.Rg4 Ra4+ 45.Kf3 Rf7+ 46.Nf4 g5 47.Ke2 Kh7 48.d6 gxf4 49.Rd1 Ra2+
50.Ke1 Rd7 51.exf4 Bf8 52.Rd5 Rxd6 53.Rf5 Re6+ 54.Kd1 Rd6+ 55.Kc1 Bg7 56.Rf7 Rc6+
57.Kd1 Rd6+ 58.Ke1 Re6+ 59.Kf1 Rg6 60.Rh4+ Kg8 61.Rb7 Rgxg2  0-1

[Event "19th Zadar Open A"]
[Site "Zadar CRO"]
[Date "2012.12.18"]
[Round "4.7"]
[White "Kuljasevic,D"]
[Black "Ivanov,Bor BUL"]
[Result "1/2-1/2"]
[WhiteElo "2561"]
[BlackElo "2227"]

1.d4 Nf6 2.c4 g6 3.Nc3 d5 4.cxd5 Nxd5 5.e4 Nxc3 6.bxc3 Bg7 7.Nf3 c5 8.Be3 Qa5
9.Qd2 Nc6 10.Rb1 a6 11.Rc1 cxd4 12.cxd4 Qxd2+ 13.Kxd2 f5 14.e5 h6 15.h4 Be6
16.Bc4 Bxc4 17.Rxc4 O-O 18.Ke2 Rad8 19.Rb1 Rd7 20.Rb6 e6 21.g3 Rfd8 22.Rc1 Re7
23.Rc4 Red7 24.Rc3 Rc7 25.Rc4 Rcd7 26.Nd2 Nxd4+ 27.Bxd4 Rxd4 28.Rxd4 Rxd4
29.Rxe6 Kf7 30.Rb6 Bxe5 31.Rxb7+ Ke6 32.Rh7 Rg4 33.Rxh6 Kf7 34.h5  1/2-1/2

[Event "15th Padova Open 2012"]
[Site "Padova ITA"]
[Date "2012.12.20"]
[Round "6.6"]
[White "Naumkin,I"]
[Black "Shishkin,Va UKR"]
[Result "1/2-1/2"]
[WhiteElo "2500"]
[BlackElo "2501"]

1.d4 Nf6 2.c4 g6 3.Nc3 d5 4.cxd5 Nxd5 5.e4 Nxc3 6.bxc3 Bg7 7.Bc4 c5 8.Ne2 O-O
9.O-O Nc6 10.Be3 Na5 11.Bd3 b6 12.Qd2 Bb7 13.Rad1 cxd4 14.cxd4 Rc8 15.Bh6 Nc4
16.Bxc4 Rxc4 17.Bxg7 Kxg7 18.e5 Qc8 19.Qg5 f6 20.exf6+ exf6 21.Qg3 Re8 22.Nf4 Ba6
23.Rfe1 Rxd4 24.h4 Rxd1 25.Rxd1 Bc4 26.Rd4 b5 27.h5 g5 28.h6+ Kf7 29.Nh5 Qf5
30.Rd6 Re6 31.Ng7 Re1+ 32.Kh2 Qe5 33.Rd7+ Kg6 34.Qxe5 Rxe5 35.g4 Be6 36.Nxe6 Rxe6
37.Rxa7 Kxh6 38.Kg3 Re4 39.Rb7 b4 40.f3 Rc4 41.Ra7 Rc2 42.a4 Ra2 43.a5 b3
44.Rb7 b2 45.a6 Kg6 46.a7 h5 47.gxh5+ Kxh5 48.Rxb2 Rxa7 49.Rb5 Ra4 50.Rc5 Rd4
51.Ra5 Kg6 52.Rb5 f5 53.Rb6+ Kh5 54.Rf6 f4+ 55.Kh3 Rd3 56.Kg2 Rd2+ 57.Kh3 Rd1
58.Kg2 Rd8 59.Kh3 Rd4 60.Kg2 Rd3 61.Ra6 Rd2+ 62.Kh3 Rf2 63.Ra3 Kg6 64.Ra6+ Kf5
65.Ra5+ Kf6 66.Rf5+ Ke6 67.Rxg5 Rxf3+ 68.Kg2 Ra3 69.Rb5 Kf6  1/2-1/2

[Event "World Cities Team GpB"]
[Site "Al-Ain UAE"]
[Date "2012.12.23"]
[Round "2.6"]
[White "Lysyj,I"]
[Black "Rajesh,VA"]
[Result "1-0"]
[WhiteElo "2617"]
[BlackElo "2370"]

1.d4 Nf6 2.c4 g6 3.Nc3 d5 4.cxd5 Nxd5 5.e4 Nxc3 6.bxc3 Bg7 7.Qa4+ Bd7 8.Qa3 O-O
9.Nf3 Bg4 10.Be2 Nd7 11.O-O c5 12.Rd1 Qc7 13.Bg5 Rfe8 14.Rab1 a6 15.h3 Bxf3
16.Bxf3 b5 17.e5 Ra7 18.Qb3 c4 19.Qc2 Nb6 20.h4 e6 21.h5 Nd5 22.g3 Rb8 23.hxg6 fxg6
24.Kg2 Rf8 25.Be4 Qf7 26.Rh1 Ne7 27.Rbf1 Rd7 28.Rh3 b4 29.Rfh1 bxc3 30.Rxh7 Nf5
31.Bf6 Qe8 32.Bxg7 Rxg7 33.Rh8+ Kf7 34.Rxf8+ Qxf8 35.Qxc3 Qd8 36.Rd1 Ne7
37.Qxc4 Qb8 38.d5 Qxe5 39.d6  1-0

[Event "World Cities Team GpA"]
[Site "Al-Ain UAE"]
[Date "2012.12.24"]
[Round "3.6"]
[White "Hassan,Ab"]
[Black "Howell,D"]
[Result "1/2-1/2"]
[WhiteElo "2378"]
[BlackElo "2634"]

1.d4 Nf6 2.c4 g6 3.Nc3 d5 4.cxd5 Nxd5 5.e4 Nxc3 6.bxc3 Bg7 7.Qa4+ Nd7 8.Nf3 c5
9.Be2 O-O 10.O-O a6 11.e5 b5 12.Qb3 c4 13.Qc2 Nb6 14.Qe4 Nd5 15.Bd2 f5 16.Qc2 e6
17.a4 Bd7 18.axb5 axb5 19.h4 h6 20.Rxa8 Qxa8 21.Qb2 Qc6 22.Ra1 Ra8 23.Rxa8+ Qxa8
24.Ne1 Qa4 25.Qc1 Kh7 26.h5 g5 27.Bf3 Qa8 28.Nc2 Bc6 29.Qa3 Qxa3 30.Nxa3 Bf8
31.Bxd5 exd5 32.Nc2 Kg8 33.f4 gxf4 34.Bxf4 Bd7 35.Bd2 Kf7 36.Ne3 Be6 37.g3 Be7
38.Nc2 Kg7 39.Kf2 Bf7 40.Ne3  1/2-1/2

[Event "Ptuj Open 2012"]
[Site "Ptuj SLO"]
[Date "2012.12.25"]
[Round "5.4"]
[White "Napast,V"]
[Black "Zagorsek,David"]
[Result "0-1"]
[WhiteElo "2093"]
[BlackElo "1619"]

1.c4 Nf6 2.d4 g6 3.Nc3 d5 4.cxd5 Nxd5 5.e4 Nxc3 6.bxc3 Bg7 7.Be3 c5 8.Bb5+ Nc6
9.Bxc6+ bxc6 10.Qa4 O-O 11.Ne2 cxd4 12.Bxd4 e5 13.Bc5 Re8 14.Qxc6 Be6 15.O-O Qd3
16.Rfe1 Qc4  0-1

[Event "21st Donau Open 2012"]
[Site "Aschach AUT"]
[Date "2012.12.26"]
[Round "1"]
[White "Handler,L"]
[Black "Horvath,Re"]
[Result "1-0"]
[WhiteElo "2369"]
[BlackElo "2042"]

1.d4 Nf6 2.c4 g6 3.Nc3 d5 4.cxd5 Nxd5 5.e4 Nxc3 6.bxc3 Bg7 7.Be3 c5 8.Rc1 Qa5
9.Qd2 cxd4 10.cxd4 Qxd2+ 11.Bxd2 Nc6 12.d5 Nd4 13.Nf3 f5 14.Be3 Nxf3+ 15.gxf3 O-O
16.Bc4 Kh8 17.h4 fxe4 18.fxe4 Bg4 19.Be2 Bxe2 20.Kxe2 Rac8 21.f4 Bb2 22.Rb1 Rc2+
23.Kd1 Rc4 24.Rxb2 Rxe4 25.Rh3 Rd8 26.Rd2 Ra4 27.Bd4+ Kg8 28.Be5 Rd7 29.h5 Ra5
30.hxg6 hxg6 31.Rhd3 Ra4 32.Ke2 Kf7 33.Kf3 Rd8 34.Kg4 Rc8 35.d6 exd6 36.Rxd6 Rc1
37.Rf6+ Ke7 38.Rxg6 Re1 39.Rg7+  1-0

[Event "Groningen Open A"]
[Site "Groningen NED"]
[Date "2012.12.26"]
[Round "5.3"]
[White "Drozdowski,K"]
[Black "Kovchan,A"]
[Result "0-1"]
[WhiteElo "2426"]
[BlackElo "2579"]

1.d4 Nf6 2.c4 g6 3.Nc3 d5 4.cxd5 Nxd5 5.e4 Nxc3 6.bxc3 Bg7 7.Bc4 Nc6 8.Be3 Na5
9.Bd3 b6 10.Qd2 Bb7 11.Bh6 Bxh6 12.Qxh6 Qd6 13.Nf3 f6 14.O-O O-O-O 15.Qe3 c5
16.d5 e6 17.c4 Rhe8 18.Qh6 Re7 19.Rad1 Ba6 20.Qh4 exd5 21.cxd5 Bxd3 22.Rxd3 g5
23.Qh3+ Qd7 24.Qh6 g4 25.Nd2 f5 26.Qf4 fxe4 27.Nxe4 h5 28.g3 Nc6 29.Nf6 Qd6
30.Nxh5 Ne5 31.Qf5+ Kb8 32.Nf4 Rf7 33.Qe4 Nxd3 34.Qxd3 Rxf4 35.gxf4 Qxf4
36.Re1 Qd6 37.Rd1 Rh8 38.Qg3 Qxg3+ 39.hxg3 Kc7 40.Kg2 Kd6 41.f3 gxf3+ 42.Kxf3 Rh5
43.g4 Rxd5 44.Rg1 Ke5 45.Re1+ Kf6 46.Re8 Rd3+ 47.Kf4 Rd4+ 48.Kg3 Rd3+ 49.Kh4 Rd2
50.a3 Rh2+ 51.Kg3 Ra2 52.Kf4 Rxa3 53.g5+ Kf7 54.Rc8 Ra1 55.Rc6 Rf1+ 56.Ke5 Kg7
57.Ke4 Rf7 58.Ke5 Rb7 59.Kd5 Re7 60.Kc4 Re1 61.Kb5 Ra1 62.Kc4 Kf7 63.Kb5 Kg7
64.Kc4 Rb1 65.Rc7+ Kg6 66.Rxa7 Kxg5 67.Rf7 Rb4+ 68.Kc3 b5 69.Rc7 Rc4+ 70.Kb3 Kf5
71.Rc8 Ke6 72.Rc6+ Kd7 73.Rh6 Rd4 74.Rb6 Rb4+ 75.Kc3 Kc7 76.Rh6 Rc4+ 77.Kb3 Rd4
78.Rh7+ Kc6 79.Kc3 b4+ 80.Kb3 Rd3+  0-1

[Event "22nd North American Open"]
[Site "Las Vegas USA"]
[Date "2012.12.26"]
[Round "1.7"]
[White "Zenyuk,I"]
[Black "Shankland,S"]
[Result "0-1"]
[WhiteElo "2250"]
[BlackElo "2595"]

1.d4 Nf6 2.c4 g6 3.Nc3 d5 4.cxd5 Nxd5 5.e4 Nxc3 6.bxc3 Bg7 7.Be3 c5 8.Rc1 Qa5
9.Qd2 cxd4 10.cxd4 Qxd2+ 11.Kxd2 O-O 12.Nf3 Rd8 13.Bb5 Nc6 14.Bxc6 bxc6 15.Rc5 f5
16.Ne5 f4 17.Bxf4 Rxd4+ 18.Ke3 Ra4 19.Rd1 Ba6 20.f3 Rxa2 21.Rd2 Rxd2 22.Kxd2 Bf1
23.Nxc6 Bxg2 24.Ke3 Bf8 25.Ra5 a6 26.Kf2 Bh3 27.Nb4 Bc8 28.h4 Bb7 29.Nd3 Bc6
30.h5 Bb5 31.Nc5 e5 32.Be3 gxh5 33.Ne6 Bb4 34.Ra1 Rc8 35.Kg3 Kf7 36.Ng5+ Kg6
37.f4 exf4+ 38.Bxf4 Rc3+ 39.Kh4 Be7  0-1

[Event "5th Marseille Open"]
[Site "Marseille FRA"]
[Date "2012.12.26"]
[Round "1.49"]
[White "Baroyan,Davit"]
[Black "Malassagne,Isabelle"]
[Result "0-1"]
[WhiteElo "1447"]
[BlackElo "1909"]

1.d4 Nf6 2.c4 g6 3.Nc3 d5 4.cxd5 Nxd5 5.e4 Nxc3 6.bxc3 Bg7 7.Nf3 O-O 8.Qc2 c5
9.Bb2 Qa5 10.d5 Rd8 11.Be2 e6 12.dxe6 Bxe6 13.O-O Nc6 14.c4 Rd7 15.Bxg7 Kxg7
16.Rfd1 Rad8 17.Qb2+ Kg8 18.Ng5 Rxd1+ 19.Rxd1 Rxd1+ 20.Bxd1 Qe1+  0-1

[Event "5th Marseille Open"]
[Site "Marseille FRA"]
[Date "2012.12.26"]
[Round "2.10"]
[White "Laurain,D"]
[Black "Dourerassou,J"]
[Result "0-1"]
[WhiteElo "1973"]
[BlackElo "2454"]

1.d4 Nf6 2.c4 g6 3.Nc3 d5 4.cxd5 Nxd5 5.e4 Nxc3 6.bxc3 Bg7 7.Bc4 c5 8.Be3 Qc7
9.Rc1 O-O 10.Ne2 Nd7 11.O-O Nb6 12.Bb3 c4 13.Bc2 f5 14.f3 e6 15.Qd2 Rf7 16.h3 Bd7
17.Rfd1 Re8 18.Bh6 Bh8 19.e5 Nd5 20.Rf1 Qa5 21.Bb1 Bc6 22.Rf2 b5 23.Nf4 Qa3
24.Nxd5 Bxd5 25.Rcf1 Bg7 26.Bxg7 Rxg7 27.Qb2 Qa5 28.Bc2 Rb7 29.Rb1 Qc7 30.g4 Qe7
31.Rbf1 Qh4 32.Qc1 Rg7 33.Kh2 Rf8 34.g5 b4 35.f4 a5 36.Bd1 h6 37.Bf3 hxg5
38.Bxd5 exd5 39.fxg5 Rh7 40.Qe3 Qe4 41.Qg3 bxc3 42.Rf4 Qe2+ 43.R1f2 Qd3 44.Qg2 c2  0-1

[Event "21st Donau Open 2012"]
[Site "Aschach AUT"]
[Date "2012.12.27"]
[Round "2"]
[White "Huber,Mart AUT"]
[Black "Rogulj,B"]
[Result "1-0"]
[WhiteElo "2139"]
[BlackElo "2422"]

1.d4 Nf6 2.c4 g6 3.Nc3 d5 4.cxd5 Nxd5 5.e4 Nxc3 6.bxc3 Bg7 7.Be3 c5 8.Rc1 Qa5
9.Qd2 cxd4 10.cxd4 Qxd2+ 11.Bxd2 O-O 12.Nf3 e6 13.h4 Nc6 14.e5 h6 15.h5 g5
16.Nxg5 Nxd4 17.Ne4 Nc6 18.f4 Rd8 19.Rh3 Bd7 20.g4 Nd4 21.Be3 Ba4 22.Bd3 Bf8
23.Nf6+ Kg7 24.g5 Bc6 25.Kf2 hxg5 26.Rg1 Kh8 27.Rxg5 Bh6 28.Rg4 Nf5 29.Bc5 Bg7
30.h6 Bxf6 31.exf6 Rd5 32.Be7 Rd7 33.Rg7 Rxe7 34.Bxf5 exf5 35.fxe7  1-0

[Event "Groningen Open A"]
[Site "Groningen NED"]
[Date "2012.12.27"]
[Round "6.14"]
[White "Bosker,Peter"]
[Black "Pacher,M"]
[Result "1/2-1/2"]
[WhiteElo "2170"]
[BlackElo "2436"]

1.d4 Nf6 2.c4 g6 3.Nc3 d5 4.cxd5 Nxd5 5.e4 Nxc3 6.bxc3 Bg7 7.Bc4 O-O 8.Be3 Nc6
9.h4 e5 10.Ne2 exd4 11.cxd4 Qe7 12.Qc2 Nb4 13.Qd2 c5 14.f3 cxd4 15.Bg5 Qd6
16.Bf4 Qb6 17.Rb1 a5 18.a3 d3 19.axb4 dxe2 20.Be3 Qc7 21.Qxe2 axb4 22.O-O Ra3
23.Bd5 Be6 24.Bxe6 fxe6 25.h5 gxh5 26.Rxb4 Qc3 27.Bd2 Qc5+ 28.Qf2 Qxf2+ 29.Rxf2 Rd8
30.Bg5 Rd1+ 31.Kh2 Be5+ 32.g3 Raa1 33.f4 Bd4 34.Rc2 b6 35.Rc8+ Kf7 36.Rc7+ Kg6
37.Rc2 Bc5 38.Rbb2 h4 39.Bxh4 Kh5 40.Kh3 Rh1+  1/2-1/2

[Event "5th Marseille Open"]
[Site "Marseille FRA"]
[Date "2012.12.27"]
[Round "3.12"]
[White "Enchev,I"]
[Black "Goettelmann,G"]
[Result "1/2-1/2"]
[WhiteElo "2411"]
[BlackElo "2030"]

1.d4 Nf6 2.c4 g6 3.Nc3 d5 4.cxd5 Nxd5 5.e4 Nxc3 6.bxc3 Bg7 7.Bc4 c5 8.Ne2 O-O
9.O-O Nc6 10.Be3 Bg4 11.f3 Bd7 12.Qd2 Qa5 13.Rfd1 b5 14.dxc5 bxc4 15.Qxd7 Rac8
16.Qd5 Ne5 17.c6 Qa4 18.Qc5 Nxc6 19.Qg5 Rfd8 20.Rd5 e6 21.Rxd8+ Rxd8 22.Nd4 h6
23.Qb5  1/2-1/2

[Event "5th Marseille Open"]
[Site "Marseille FRA"]
[Date "2012.12.27"]
[Round "3.47"]
[White "Kaser,S"]
[Black "Malassagne,Gabriel"]
[Result "1-0"]
[WhiteElo "1782"]
[BlackElo "1487"]

1.d4 Nf6 2.c4 g6 3.Nc3 d5 4.cxd5 Nxd5 5.e4 Nxc3 6.bxc3 Bg7 7.Bc4 O-O 8.Ne2 c5
9.O-O Nc6 10.Be3 cxd4 11.cxd4 Qa5 12.Bd2 Qc7 13.Bc3 Rd8 14.Rc1 Qd6 15.e5 Qc7
16.Qb3 e6 17.Rfd1 b6 18.Ng3 Qe7 19.Ne4 Qh4 20.Nd6 Bf8 21.Nb5 Qg5 22.f3 Qh4
23.Nc7 Bh6 24.Be1 Qe7 25.Nxa8 Bxc1 26.Rxc1 Nxd4 27.Qb4 Qb7 28.Bh4 Re8 29.Bd3 Nxf3+
30.gxf3 Qxf3 31.Qe4 Qxe4 32.Bxe4 Bd7 33.Rc7 Bb5 34.Rxa7 Rd8 35.Bxd8  1-0